Introduction to data structures and algorithms/ (Record no. 9561)

MARC details
000 -LEADER
fixed length control field 00599nam a22001937a 4500
003 - CONTROL NUMBER IDENTIFIER
control field OSt
005 - DATE AND TIME OF LATEST TRANSACTION
control field 20260421060249.0
008 - FIXED-LENGTH DATA ELEMENTS--GENERAL INFORMATION
fixed length control field 260421b |||||||| |||| 00| 0 eng d
020 ## - INTERNATIONAL STANDARD BOOK NUMBER
International Standard Book Number 971-547-202-8.
040 ## - CATALOGING SOURCE
Original cataloging agency DWCL Main Lib.
Transcribing agency OC
082 ## - DEWEY DECIMAL CLASSIFICATION NUMBER
Classification number 005.7 Al13i 2002
100 ## - MAIN ENTRY--PERSONAL NAME
Personal name Albacea, Eliezer A.
245 ## - TITLE STATEMENT
Title Introduction to data structures and algorithms/
Statement of responsibility, etc. Eliezer A. Albacea
260 ## - PUBLICATION, DISTRIBUTION, ETC.
Place of publication, distribution, etc. Los BaƱos:
Name of publisher, distributor, etc. UPLB Foundation, Inc.,
Date of publication, distribution, etc. c2002.
300 ## - PHYSICAL DESCRIPTION
Extent 314 p. ;
Dimensions 27 cm.
500 ## - GENERAL NOTE
General note Includes references.
600 ## - SUBJECT ADDED ENTRY--PERSONAL NAME
Personal name Data Structures (Computer Science).
942 ## - ADDED ENTRY ELEMENTS (KOHA)
Source of classification or shelving scheme Dewey Decimal Classification
Koha item type Book-Filipiniana
Classification part Fil.
Suppress in OPAC No

No items available.